000 00670nam a2200217 4500
003 OSt
005 20240729063503.0
006 a
008 240729b |||||||| |||| 00| 0 eng d
020 _a9780071081115
040 _aDWCL-Main lib.
_cOC
082 _2Twelfth edition
_aCirc. 658.5 J17o 2009
100 _aJacobos, F. Robert
245 _aOperations and supply management /
250 _aTwelfth edition
260 _aBoston :
_bMcGraw-Hill/Irwin,
_cc2009.
300 _axix,
_b776 p. : ill. ;
_c26 cm.
504 _aIncludes bibliographical references & indexes.
650 _a1. Production Management.
942 _2ddc
_n0
_cBK-CIRC
_eTwelfth edition
_kCirc.
999 _c2914
_d2914